5HLuxD.jpg

KING HENRY VIII SENIOR AND PRIMARY SCHOOL LIBRARY OPAC

Geography : (Record no. 1208)

000 -LEADER
fixed length control field 01146nam a22003731i 4500
001 - CONTROL NUMBER
control field 017651242
003 - CONTROL NUMBER IDENTIFIER
control field Uk
005 - DATE AND TIME OF LATEST TRANSACTION
control field 20221129112708.0
008 - FIXED-LENGTH DATA ELEMENTS--GENERAL INFORMATION
fixed length control field 151012s2016 enk j 000|0|eng|d
015 ## - NATIONAL BIBLIOGRAPHY NUMBER
National bibliography number GBB5H2969
Source bnb
016 7# - NATIONAL BIBLIOGRAPHIC AGENCY CONTROL NUMBER
Record control number 017651242
Source Uk
020 ## - INTERNATIONAL STANDARD BOOK NUMBER
International Standard Book Number 9780008124229 (pbk.) :
040 ## - CATALOGING SOURCE
Original cataloging agency StDuBDS
Language of cataloging eng
Transcribing agency StDuBDS
Modifying agency Uk
-- KH8
Description conventions rda
042 ## - AUTHENTICATION CODE
Authentication code ukblsr
082 04 - DEWEY DECIMAL CLASSIFICATION NUMBER
Classification number 910 LEN
Edition number 23
100 1# - MAIN ENTRY--PERSONAL NAME
Personal name Lenon, Barnaby J.,
Relator term author.
245 10 - TITLE STATEMENT
Title Geography :
Remainder of title Cambridge AS and A level /
Statement of responsibility, etc. Barnaby Lenon, Iaín Palôt, Robert Morris, Rebecca Kitchen, Andy Schindler.
264 #1 - PRODUCTION, PUBLICATION, DISTRIBUTION, MANUFACTURE, AND COPYRIGHT NOTICE
Place of production, publication, distribution, manufacture London :
Name of producer, publisher, distributor, manufacturer Collins Educational,
Date of production, publication, distribution, manufacture, or copyright notice 2016.
300 ## - PHYSICAL DESCRIPTION
Extent 424 pages ;
Dimensions 27 cm.
336 ## - CONTENT TYPE
Content type term text
Source rdacontent
337 ## - MEDIA TYPE
Media type term unmediated
Source rdamedia
338 ## - CARRIER TYPE
Carrier type term volume
Source rdacarrier
490 0# - SERIES STATEMENT
Series statement Collins Cambridge AS and A level
500 ## - GENERAL NOTE
General note Formerly CIP.
Institution to which field applies Uk
521 2# - TARGET AUDIENCE NOTE
Target audience note AS.
521 2# - TARGET AUDIENCE NOTE
Target audience note A-level.
650 #0 - SUBJECT ADDED ENTRY--TOPICAL TERM
Topical term or geographic name entry element Geography.
650 #0 - SUBJECT ADDED ENTRY--TOPICAL TERM
Topical term or geographic name entry element Geography
Form subdivision Problems, exercises, etc.
700 1# - ADDED ENTRY--PERSONAL NAME
Personal name Palôt, Iaín,
Relator term author.
700 1# - ADDED ENTRY--PERSONAL NAME
Personal name Morris, Robert,
Relator term author.
700 1# - ADDED ENTRY--PERSONAL NAME
Personal name Kitchen, Rebecca,
Relator term author.
700 1# - ADDED ENTRY--PERSONAL NAME
Personal name Schindler, Andy,
Relator term author.
942 ## - ADDED ENTRY ELEMENTS (KOHA)
Source of classification or shelving scheme
Koha item type Teaching Resources
Holdings
Withdrawn status Lost status Source of classification or shelving scheme Damaged status Not for loan Collection code Permanent Location Current Location Shelving location Date acquired Total Checkouts Full call number Barcode Date due Date last seen Date last checked out Price effective from Koha item type
          Teaching Resources KH8 Senior School Library KH8 Senior School Library Staff Office 2022-11-29 2 910 LEN TRKHSL000038 2026-07-03 2025-08-26 2025-08-26 2022-11-29 Teaching Resources
          Teaching Resources KH8 Senior School Library KH8 Senior School Library Staff Office 2023-08-09 2 910 LEN TRKHSL001481 2026-07-03 2025-08-15 2025-08-15 2023-08-09 Teaching Resources
          Teaching Resources KH8 Senior School Library KH8 Senior School Library Staff Office 2023-08-09 1 910 LEN TRKHSL001482   2025-07-11 2024-11-07 2023-08-09 Teaching Resources
          Teaching Resources KH8 Senior School Library KH8 Senior School Library Staff Office 2024-10-31 1 910 LEN TRKHSL005621   2025-07-11 2024-11-07 2024-10-31 Teaching Resources
          Teaching Resources KH8 Senior School Library KH8 Senior School Library Staff Office 2024-10-31 2 910 LEN TRKHSL005968 2026-07-03 2025-09-03 2025-09-03 2024-10-31 Teaching Resources
          Teaching Resources KH8 Senior School Library KH8 Senior School Library Staff Office 2025-07-22 1 910 LEN TRKHSL006315 2026-07-03 2025-12-12 2025-12-12 2025-07-22 Teaching Resources

Powered By KH8 IT Dept